| 000 | 00722nam a22002057a 4500 | ||
|---|---|---|---|
| 999 |
_c6821 _d6821 |
||
| 003 | AR-CdUCM | ||
| 008 | 190319b ||||| |||| 00| 0 spa d | ||
| 040 |
_aMUNICIPALIDAD PROVINCIAL DEL CUSCO _cBIBLIOTECA MUNICIPAL DEL CUSCO |
||
| 082 |
_22ed. _a806.9 / _bC32 |
||
| 100 |
_aCasas Casas, Margarita _919223 |
||
| 245 |
_aDiccionario : _b3 mil obras de 1500 autores del mundo; literatura, música, pintura, escultura / |
||
| 260 |
_aCusco : _bMercantil, _c1994. |
||
| 300 |
_a243 paginas ; _c19 cm. |
||
| 505 | _aContenido :Diccionario de Literatura, música, pintura, escultura. | ||
| 650 |
_aAutores y libros _919224 |
||
| 650 |
_aEscultura _913152 |
||
| 650 |
_aMusica _91443 |
||
| 942 |
_2ddc _cLIBROS |
||
| 945 | _arum | ||